Population ageing, intergenerational transfers and social protection in Latin America and the Caribbean (Registro nro. 4166)
[ vista simple ]
| 000 -LEADER | |
|---|---|
| fixed length control field | 01923 a2200217 4500 |
| 001 - CONTROL NUMBER | |
| control field | 46101 |
| 005 - DATE AND TIME OF LATEST TRANSACTION | |
| control field | 20260407155734.0 |
| 008 - FIXED-LENGTH DATA ELEMENTS--GENERAL INFORMATION | |
| fixed length control field | 260407a2011 arg spa d |
| 003 - CONTROL NUMBER IDENTIFIER | |
| control field | AR-UNSa-BCEJYS |
| 040 ## - CATALOGING SOURCE | |
| Original cataloging agency | AR-UNSa-BCEJYS |
| Language of cataloging | spa |
| Transcribing agency | AR-UNSa-BCEJYS |
| 080 ## - UNIVERSAL DECIMAL CLASSIFICATION NUMBER | |
| Universal Decimal Classification number | 304.4 |
| Common auxiliary subdivision | Aspectos generales de las políticas y prácticas sociales y culturales (política social) |
| 041 ## - LANGUAGE CODE | |
| Language code of text/sound track or separate title | spa |
| 100 1# - MAIN ENTRY--PERSONAL NAME | |
| Personal name | Naciones Unidas. Comisión Económica para América Latina y el Caribe (CEPAL) |
| 245 10 - TITLE STATEMENT | |
| Title | Population ageing, intergenerational transfers and social protection in Latin America and the Caribbean |
| 264 #1 - PRODUCTION, PUBLICATION, DISTRIBUTION, MANUFACTURE, AND COPYRIGHT NOTICE | |
| Place of production, publication, distribution, manufacture | Santiago de Chile : |
| Name of producer, publisher, distributor, manufacturer | CEPAL (Comisión Económica para América Latina y el Caribe) |
| Date of production, publication, distribution, manufacture, or copyright notice | 2011 |
| 300 ## - PHYSICAL DESCRIPTION | |
| Extent | 129 p. |
| Dimensions | 27 cm. |
| 505 ## - FORMATTED CONTENTS NOTE | |
| Formatted contents note | 1. Introduction / Paulo Saad and Tim Miller – 2. Population ageing, intergenerational transfers,and economic growth : Latin America in a global context /Ronald Lee and Gretchen Donehower – 3. New perspectives from national transfer accounts for national fiscal policy, social programs, and family transfers / Andrew Mason and Ronald Lee – 4. ntergenerational equity in Brazil: social security and public education transfers between generations born from 1923 to 2000/ Tatiana Araujo, Cassio M. Turra and Bernardo L. Queiroz – 5. The significance of inter-age economic transfersin Chile / Jorge Bravo and Mauricio Holz – 6. Intergenerational transfers in Costa Rica / Luis Rosero-Bixby and Paola Zuñiga – 7. The first demographic dividend and social protection systems in Mexico / Iván Mejía Guevara, Félix Vélez Fernández Varela and Juan Enrique García López – 8. Public transfers to children and the elderly in Uruguay (1994-2006) / Marisa Bucheli, Cecilia González and Cecilia Olivieri. |
| 590 ## - LOCAL NOTE (RLIN) | |
| Local note | niveau_biblio:m niveau_hierar:0 |
| 856 41 - ELECTRONIC LOCATION AND ACCESS | |
| Uniform Resource Identifier | <a href="https://www.biblioeco.unsa.edu.ar/pmb/images/libros/L127345.jpg">https://www.biblioeco.unsa.edu.ar/pmb/images/libros/L127345.jpg</a> |
| Link text | Imagen de portada |
| Electronic format type | image/jpeg |
| 942 ## - ADDED ENTRY ELEMENTS (KOHA) | |
| Koha item type | |
| Withdrawn status | Lost status | Damaged status | Not for loan | Home library | Current library | Shelving location | Date acquired | Total checkouts | Full call number | Barcode | Date last seen | Price effective from | Koha item type |
|---|---|---|---|---|---|---|---|---|---|---|---|---|---|
| Biblioteca Prof. Eusebio Cleto del Rey | Biblioteca Prof. Eusebio Cleto del Rey | 07/04/2026 | 304.4 N118 | L127345 | 07/04/2026 | 07/04/2026 | Libro |